College mathematics
Đã lưu trong:
| Príomhúdar: | |
|---|---|
| Formáid: | Leabhar |
| Teanga: | Undetermined |
| Foilsithe: |
Santa Clara, California
Dellen
1984
|
| Ábhair: | |
| Clibeanna: |
Cuir Clib Leis
Gan Chlibeanna, Bí ar an gcéad duine leis an taifead seo a chlibeáil!
|
| Thư viện lưu trữ: | Trung tâm Học liệu Trường Đại học Cần Thơ |
|---|
| LEADER | 00572nam a2200205Ia 4500 | ||
|---|---|---|---|
| 001 | CTU_43911 | ||
| 008 | 210402s9999 xx 000 0 und d | ||
| 082 | |a 510 | ||
| 082 | |b B259 | ||
| 100 | |a Bernett, Raymond A. | ||
| 245 | 0 | |a College mathematics | |
| 245 | 0 | |c Raymond A. Barnett, Michael R. Ziegler | |
| 260 | |a Santa Clara, California | ||
| 260 | |b Dellen | ||
| 260 | |c 1984 | ||
| 650 | |a Biomathematics,Mathematics,Social science | ||
| 650 | |x Mathematics | ||
| 650 | |y 1961- | ||
| 904 | |i Minh, Hải | ||
| 980 | |a Trung tâm Học liệu Trường Đại học Cần Thơ | ||